00808nai a2200193Ia 4500003000900000008004100009022002300050040001600073245004800089260005100137310001400188362002600202521006900228650003600297856009300333942000700426999001700433952016400450IN-BaIIA211028c9999 xx s 000 0 eng d a1007-0214 (Online) cIIA Library 0aTsinghua Science and Technologyh[eJournal] aBeijing, ChinabTsinghua University Press(TUP) aBimonthly a1(1); 1996 - Present  bSubscribed through National Knowledge Resource Consortium (NKRC) aComputing and Processing948785 uhttps://ieeexplore.ieee.org/servlet/opac?punumber=5971803yClick Here to Access eJournal cEJ c35846d35846 00104070aBANbBANd2009-01-01eNKRCh1(1); 1996 - Present l0pEJ1930r2021-11-05uhttps://ieeexplore.ieee.org/servlet/opac?punumber=5971803w2021-11-05yEJ